| 000 | 00756nam a2200241 a 4500 | ||
|---|---|---|---|
| 001 | 2045357 | ||
| 005 | 20240206034958.0 | ||
| 008 | 921214r19921912onc b 001 0 eng | ||
| 020 | _a0802074162 (cloth) : | ||
| 020 | _a0802029124 (paper) : | ||
| 040 |
_aDLC _cDLC |
||
| 082 | 0 | 0 |
_a306.04 _220 _bA CR. |
| 245 | 0 | 2 |
_aA Critical and cultural theory reader / _cedited by Antony Easthope and Kate McGowan. |
| 260 |
_aToronto ; _aBuffalo : _bUniversity of Toronto Press, _c1992. |
||
| 300 | _aviii, 270 p. ; | ||
| 500 | _aCollection of previously published material. | ||
| 650 | 0 | _aCriticism. | |
| 650 | 0 | _aPopular culture. | |
| 650 | 0 | _aStructuralism (Literary analysis) | |
| 700 | 1 |
_aEasthope, Antony. _eedt |
|
| 700 | 1 |
_aMcGowan, Kate. _eedt |
|
| 942 | _cL | ||
| 999 |
_c302 _d302 |
||